| 000 | 00716ata a2200253 4500 | ||
|---|---|---|---|
| 005 | 20160922172512.0 | ||
| 008 | 150519b xxu||||| |||| 00| 0 spa d | ||
| 041 | _aspa | ||
| 082 | _a1.0.56 G981i | ||
| 100 |
_aGurria Di-Bella, Manuel _922240 |
||
| 245 | _aIntroducción del turismo | ||
| 260 |
_aMéxico _bTrillas _c2009 |
||
| 300 | _a136 páginas | ||
| 650 |
_aTURISMO _9894 |
||
| 650 |
_aSISTEMA TURÍSTICO _91647 |
||
| 650 |
_aCONCEPTO DEL TURISMO _922241 |
||
| 650 |
_aOFERTA _9193 |
||
| 650 |
_aDEMANDA _9194 |
||
| 650 |
_aMARKETING TURÍSTICO _91088 |
||
| 650 |
_aESTRUCTURA COMPLEMENTARIA _922242 |
||
| 650 |
_aPOLÍTICAS TURÍSTICAS _922243 |
||
| 650 |
_aLEGISLACIÓN TURÍSTICA _94669 |
||
| 942 | _cBK | ||
| 999 |
_c5666 _d5666 |
||